Statistics for Ankara'ya En Yakın Dünya Başkentleri

Click here to take the quiz!

General Stats

  • This quiz has been taken 38 times
  • The average score is 10 of 20

Answer Stats

kmbaşkent% Correct
818Atina
100%
776Şam
100%
854Sofya
80%
1263Bağdat
73%
1186Kiev
70%
530Lefkoşa
70%
932Kudüs
67%
1028Tiflis
67%
750Bükreş
63%
992Erivan
60%
987Üsküp
47%
712Beyrut
40%
1109Kahire
40%
850Kişinev
40%
1111Tiran
40%
930Amman
20%
1023Priştine
17%
1170Podgorica
13%
1154Belgrat
3%
917Ramallah
3%

Score Distribution

Percentile by Number Answered

Percent of People with Each Score

Your Score History

You have not taken this quiz